| 000 | 03392nam a22002657a 4500 | ||
|---|---|---|---|
| 001 | 216220049 | ||
| 003 | UA-OsUOA | ||
| 005 | 20210115150007.0 | ||
| 008 | 210111b un ||||| m||| 00| 0 ukr d | ||
| 040 |
_aUA-OsUOA _bukr _cUA-OsUOA _dUA-OsUOA |
||
| 041 | _aukr | ||
| 080 | _a2-1:165.724 | ||
| 090 | _a2-1:165.724 | ||
| 095 |
_a09.00.11 _bрелігієзнавство |
||
| 100 | _aМудраков В. В. | ||
| 245 |
_a"Концепція релігійності" у "філософії життя" Ф. Ніцше та її сучасні рецепції _cМудраков Віталій Вікторович ; наук. керівник Балух Василь Олексійович |
||
| 260 |
_aОстрог _c2014 |
||
| 300 | _a20 с. | ||
| 502 |
_6Автореферат дисертації на здобуття наукового ступеня кандидата філософських наук
_cНаціональний університет "Острозька академія" _d2014 |
||
| 520 | _aУ дисертації досліджено філософію релігії Ф. Ніцше у вияві “концепції релігійності”, де параметральний остов формує його “філософія життя”. Здійснено відхід від традиційного тлумачення ніцшеанських концептів (переоцінка цінностей, воля до влади, надлюдина, вічне повернення) як окремих антидуховних, антирелігійних, антилюдських постулатів. У їх синтезі виявлено релігіє- та людинотворчий потенціал, а також зачатки методологічних прийомів і принципів, що вплинули на хід розвитку постмодерної філософії та найновіших її форм. Охарактеризовано методологію дослідницьких завдань Ф. Ніцше — генеалогію. Аргументовано специфіку її дії як інструмент дослідження християнства (нігілізму). Досліджено систему теоретичних рецепцій вчення Ф. Ніцше у концепціях ніцшезнавців постмодернізму (Ж. Батай, М. Фуко, Ж. Дельоз), а також роль його ідей у формуванні смислових регістрів і методології сучасної філософії релігії, етики, філософської антропології. Обґрунтовано потенціал ціннісного реформування духовно-інтелектуального контенту та вплив на трансформації подальшого наукового дискурсу і розв’язання низки проблем гуманітарної сфери. | ||
| 650 |
_2UDC _a2 Релігія. Теологія (Богослов'я) |
||
| 942 |
_2udc _cAR |
||
| 955 | _a1 | ||
| 999 |
_c464163 _d464163 |
||